000 00938nam a22002297a 4500
005 20100820140034.0
010 _aENG-101060
020 _c500.00
035 _aEN-84593
037 _bDBAD/PUB
082 _a027.542
100 _aReorientation of Library Services in India (18-20 Aug., 2007: Vijayawada)
_916699
245 _aNational conference on reorientation of library services in India /
_cedited by RSR Veralakshmi...[et.al]
260 _aVijayawada
_bAndhra Pradesh Library Association
_c2007
270 _aSri Sarvottama Bhavanam
_bVijayawada
_e520010
300 _a482p.:
_bill.
_c23cm (pbk)
650 _aInformation science
_916700
650 _aLibraries
_xSpecial collection
_916701
700 _aVeralakshmi, RSR
_915542
942 _2ddc
_cEN
_h027.542
_mNAT
999 _c42697
_d42697